| LEADER | 01612nam a2200337 u 4500 | ||
|---|---|---|---|
| 001 | 10020573 | ||
| 003 | upatras | ||
| 005 | 20220411133413.0 | ||
| 008 | 990224s1977 gr gre | ||
| 040 | |a GR-PaULI |c GR-PaULI | ||
| 041 | 0 | |a gre | |
| 082 | 0 | 4 | |a 870 |
| 082 | 0 | 4 | |a 872 |
| 100 | 1 | |9 26666 |a Seneca, Lucius Annaeus., |d 4 π.Χ.-65 μ.Χ. |4 aut | |
| 245 | 1 | 0 | |a Μήδεια |c Λεύκιος Ανναίος Σενέκας; μετάφραση Τάσος Ρούσσος |
| 260 | |a [χ.τ.] |b [χ.ο.] |c 1977 | ||
| 300 | |a 62 σ. |c 22 εκ. | ||
| 490 | 0 | |a Κείμενα | |
| 504 | |a Περιλαμβάνει σημειώσεις | ||
| 600 | 1 | 4 | |a Σενέκας, Λούκιος Ανναίος, |d 4 π.Χ.-65 μ.Χ. |9 26667 |
| 650 | 4 | |a Λατινική γραμματεία |x Πηγές |9 5795 | |
| 650 | 4 | |a Λατινική λογοτεχνία |x Δράμα |x Τραγωδία |9 117349 | |
| 700 | 1 | |a Ρούσσος, Τάσος |d 1934-2015 |4 trl |9 60285 | |
| 760 | 0 | |a Κείμενα | |
| 852 | |a GR-PaULI |b ΠΑΤΡΑ |b ΒΚΠ |b ΒΣ2 |k ΑΣΧΕ |h 870 Σ |m 040962 |p 025000003122 |t 1 | ||
| 852 | |a GR-PaULI |b ΠΑΤΡΑ |b ΘΕΑΤΡΟΛΟΓΙΑ |k ΑΣΧΕ-3 |h 872 SEN ΡΟΥ |m 03105 |p 025000017410 |t 2 | ||
| 942 | |2 ddc |c BK15 | ||
| 952 | |0 0 |1 0 |4 0 |6 870_000000000000000_Σ |7 0 |9 180373 |a LISP |b LISP |c BSC |d 2016-04-24 |i 040962 |l 0 |o 870 Σ |p 025000003122 |r 2016-04-24 00:00:00 |t 1 |w 2016-04-24 |y BK15 | ||
| 952 | |0 0 |1 0 |4 0 |6 872_000000000000000_SEN_ΡΟΥ |7 0 |9 180374 |a THST |b THST |d 2016-04-24 |i 03105 |l 0 |o 872 SEN ΡΟΥ |p 025000017410 |r 2016-04-24 00:00:00 |t 2 |w 2016-04-24 |y BK15 | ||
| 998 | |c ΔΙΟΝΥΣΟΠΟΥΛΟΥ |d 1999/02 | ||
| 999 | |c 111510 |d 111510 | ||